Online
Catalog

Vida y trabajo;. (Record no. 13922)

MARC details
000 -CABECERA
campo de control de longitud fija 00587cam a22002052 4500
001 - NÚMERO DE CONTROL
campo de control 000014327
005 - FECHA Y HORA DE LA ÚLTIMA TRANSACCIÓN
campo de control 20200929163557.0
008 - DATOS DE LONGITUD FIJA--INFORMACIÓN GENERAL
campo de control de longitud fija 840926s1909 sp 000 0 spa
010 ## - NÚMERO DE CONTROL DE LA BIBLIOTECA DEL CONGRESO
Número de control de LC 26012123
040 ## - FUENTE DE LA CATALOGACIÓN
Centro catalogador/agencia de origen DO-SdBNP
Centro/agencia transcriptor CarP
Centro/agencia modificador DLC
050 00 - SIGNATURA TOPOGRÁFICA DE LA BIBLIOTECA DEL CONGRESO
Número de clasificación BJ1498
Número de documento/Ítem .S63
100 1# - ENTRADA PRINCIPAL--NOMBRE DE PERSONA
Nombre de persona Smiles, Samuel,
Fechas asociadas al nombre 1812-1904.
9 (RLIN) 32325
240 00 - TÍTULO UNIFORME
Título uniforme Life and labor. Spanish.
245 10 - MENCIÓN DE TÍTULO
Título Vida y trabajo;.
260 ## - PUBLICACIÓN, DISTRIBUCIÓN, ETC.
Lugar de publicación, distribución, etc. Barcelona, :
Nombre del editor, distribuidor, etc. Sopena,
Fecha de publicación, distribución, etc. [1909].
300 ## - DESCRIPCIÓN FÍSICA
Extensión 432 p. ;
Dimensiones 19 cm.
650 #0 - PUNTO DE ACCESO ADICIONAL DE MATERIA--TÉRMINO DE MATERIA
Término de materia o nombre geográfico como elemento de entrada Work.
9 (RLIN) 32326
650 #0 - PUNTO DE ACCESO ADICIONAL DE MATERIA--TÉRMINO DE MATERIA
Término de materia o nombre geográfico como elemento de entrada Conduct of life.
9 (RLIN) 32207
700 1# - PUNTO DE ACCESO ADICIONAL--NOMBRE DE PERSONA
Nombre de persona Nunez de Prado, Guillermo,
Fechas asociadas al nombre b. 1874
Término indicativo de función/relación tr.
9 (RLIN) 32327
Holdings
Estado de retiro Estado de pérdida Restricciones de uso No para préstamo Código de colección Localización permanente Ubicación/localización actual Ubicación en estantería Fecha de adquisición Número de inventario Total de préstamos Signatura topográfica completa Código de barras Fecha visto por última vez Precio válido a partir de Tipo de ítem Koha
    Préstamo interno   Monografías: Libros y Folletos General General En catalogación 09.12.2009 LF1   14327-10 25.06.2020 25.06.2020 Préstamo interno

Powered by Koha